000 00564nam a2200241 a 4500
001 nice12345678
003 IN_TiNIC
005 20260116011348.0
008 050524s1933 para grp 000 0 fre
020 _a
_c100
082 0 0 _a297.822
_bIVA1
100 _aIvanow, W
245 _aNotes Sur L`"ummul Kitab"
260 _aParis
_bLibraireorientaliste
_c1933
300 _a481p
500 _aincludes index and biblioraphy
505 2 _aIndex
650 _aIsmailis-Doctrines
700 1 _aIvanow, W
902 _bSRS
942 _cBK
999 _c860
_d860